|
|
|
|
| LEADER |
00718nab a2200169 i 4500 |
| 001 |
misc96 |
| 005 |
20191106144305.0 |
| 008 |
170607s1895 hu o 0|| hun d |
| 040 |
|
|
|a SZTE Miscellanea Repozitórium
|b hun
|
| 041 |
|
|
|a hun
|
| 100 |
1 |
|
|a Tagányi Károly
|
| 245 |
1 |
0 |
|a Magyarország adófizető jobbágyainak kezén lévő szántóföldek, rétek, és szőlők kimutatása az 1780. évi urbéri [úrbéri!] tabellák alapján
|h [elektronikus dokumentum] /
|c Tagányi Károly
|
| 260 |
|
|
|c 1895
|
| 300 |
|
|
|a 242-243
|
| 490 |
0 |
|
|a Magyar gazdaságtörténelmi szemle
|v 2
|
| 695 |
|
|
|a Közgazdaságtudomány, Gazdaságtörténet
|
| 856 |
4 |
0 |
|u http://misc.bibl.u-szeged.hu/96/1/gazd_tort_szeml_1895_242-243.pdf
|z Dokumentum-elérés
|